Bytový dom

Guardado en:
Detalles Bibliográficos
Autor principal: Modroczká, Viktória (Autor)
Otros Autores: Pavčeková, Monika (Orientador)
Formato: Manuscrito Libro
Lenguaje:eslovaco
Publicado: 2023
Materias:
Acceso en línea:http://is.stuba.sk/zp/portal_zp.pl?podrobnosti=155694
https://opac.crzp.sk/?fn=detailBiblioForm&sid=D51643D01657CDEC2994BCF06848
Etiquetas: Agregar Etiqueta
Sin Etiquetas, Sea el primero en etiquetar este registro!

MARC

LEADER 00000ntm a22000003a 4500
001 stuzp93816
003 SK-STU
005 20230920104442.4
007 ta
008 150427s2015----xo-----f-mn---000-0-slo-d
040 |a STU  |b slo 
041 0 |a slo 
100 1 |a Modroczká, Viktória  |u 010180  |4 aut  |U SvF Stavebná fakulta  |T SvF Katedra konštrukcií pozemných stavieb  |X 103625  |U V180  |Y 18  |7 103625 
242 0 1 |a Apartment House  |y eng 
245 1 0 |a Bytový dom 
260 |c 2023 
650 4 |a projekt na realizáciu stavby  |2 slo 
650 4 |a bytový dom  |2 slo 
650 4 |a polyfunkcia  |2 slo 
650 4 |a novostavba  |2 slo 
650 4 |a bytové jednotky  |2 slo 
650 4 |a polyfunction  |2 eng 
650 4 |a new construction  |2 eng 
650 4 |a housing units  |2 eng 
650 4 |a flat building  |2 eng 
650 4 |a construction project  |2 eng 
700 1 |a Pavčeková, Monika  |u 010180  |k Z1  |4 ths  |U SvF Stavebná fakulta  |T SvF Katedra konštrukcií pozemných stavieb  |X 10271  |U V180  |Y 18  |7 A000010271 
856 4 |u http://is.stuba.sk/zp/portal_zp.pl?podrobnosti=155694 
856 4 |u https://opac.crzp.sk/?fn=detailBiblioForm&sid=D51643D01657CDEC2994BCF06848